| 000 | 00337nam a2200133Ia 4500 | ||
|---|---|---|---|
| 005 | 20260328104250.0 | ||
| 008 | 260328s9999||||xx |||||||||||||| ||und|| | ||
| 100 | _aSantos Quartino, Daniela | ||
| 245 | 0 |
_aNew York Architecture / _cDaniela Santos Quartino |
|
| 260 | _bLoft | ||
| 300 | _a671 p. | ||
| 650 | _aESTADOS UNIDOS | ||
| 942 | _cBK | ||
| 999 |
_c10207 _d10207 |
||